Contrast sensitivity of participants in automobile headlight experiments /

Bibliographic Details
Main Author: Huculak, P.
Corporate Author: National Aeronautical Establishment (Canada)
Other Authors: Blais, R.
Format: Book
Language:English
Published: Ottawa : National Research Council Canada, 1973.
Series:Laboratory technical report (National Aeronautical Establishment (Canada)) ; LTR-ST-600.
Subjects:

MARC

Tag First Indicator Second Indicator Subfields
LEADER 00000cam a2200000 i 4500
001 in00000587939
005 20151014074905.0
008 790410s1973 onca f00010 eng d
035 |a (OCoLC)04840945 
035 |9 ACP6687AM 
040 |a TRL  |c TRL  |d m/c  |d TXA  |d UtOrBLW 
049 1 |a TXA2 
090 |a TL501  |b .N2 no. LTR-, ST-600 
100 1 |a Huculak, P. 
245 1 0 |a Contrast sensitivity of participants in automobile headlight experiments /  |c by P. Huculak, R. Blais. 
264 1 |a Ottawa :  |b National Research Council Canada,  |c 1973. 
300 |a 15 unnumbered leaves :  |b illustrations ;  |c 28 cm. 
336 |a text  |b txt  |2 rdacontent 
337 |a unmediated  |b n  |2 rdamedia 
338 |a volume  |b nc  |2 rdacarrier 
490 1 |a Laboratory technical report - National Research Council, Canada, National Aeronautical Establishment ;  |v LTR-ST-600 
500 |a Cover title. 
650 0 |a Automobiles  |x Lighting. 
700 1 |a Blais, R. 
710 2 |a National Aeronautical Establishment (Canada) 
830 0 |a Laboratory technical report (National Aeronautical Establishment (Canada)) ;  |v LTR-ST-600. 
871 2 9 |j 710/1  |a National Research Council, Canada.  |b National Aeronautical Establishment. 
871 2 9 |j 810/1  |a National Research Council, Canada.  |b National Aeronautical Establishment.  |t Laboratory technical report ;  |v LTR-ST-600. 
999 |a MARS 
999 f f |s 61341726-7e2b-3474-9693-5820fca10d92  |i 863dca65-73ca-38e5-80e2-38f11051c32e  |t 0 
952 f f |p ric  |a Texas A&M University  |b Rellis Campus  |c Joint Library Facility  |d Remote Storage  |t 0  |e TL501 .N2  |h Library of Congress classification  |i unmediated -- volume  |k no. LTR-ST-600  |m A14810727821 
952 f f |p ric  |a Texas A&M University  |b Rellis Campus  |c Joint Library Facility  |d Remote Storage  |t 0  |e TL501 .N2  |h Library of Congress classification  |i unmediated -- volume  |k no. LTR-ST-600  |m A14810727774 
998 f f |a TL501 .N2  |s no. LTR-ST-600  |t 0  |l Remote Storage